| 000 | 00000nam 2200000za 4500 |
| 001 | 9.622941 |
| 003 | CaOODSP |
| 005 | 20200331070128 |
| 007 | ta |
| 008 | 150406|1995||||xxc||||| f|0| 0 fre d |
| 020 | |a0-662-99464-7 |
| 040 | |aCaOODSP|bfre |
| 043 | |an-cn--- |
| 086 | 1 |aA42-55/1994F |
| 110 | 1 |aCanada. |bAgriculture et agroalimentaire Canada. |bDirection générale de la recherche. |
| 245 | 10|aTendances climatiques à long terme pour l'agriculture à Brandon (Manitoba) / |cpar A. Bootsma et al. |
| 260 | |aOttawa : |bAgriculture et Agroalimentaire Canada, |c1995. |
| 300 | |a4 p. : |bgraphiques ; |c28 cm. |
| 490 | 1 |aCRTRB contribution |
| 563 | |aDépliant |
| 691 | 07|aAgriculture|2gcpds |
| 691 | 07|aClimat|2gcpds |
| 720 | 1 |aBootsma, A. |
| 776 | 0#|tTendances climatiques à long terme pour l'agriculture à Brandon, (Manitoba) |w(CaOODSP)9.846655 |
| 830 | #0|aCRTRB contribution.|w(CaOODSP)9.512827 |
| 986 | |aCRTRB Contribution n° 94-85 |